00660nam a2200217Ia 450000500170000000800410001704000190005804100120007708200210008910000210011024500430013126000240017430000170019850400190021565000190023465100380025385000100029194200070030199900160030895201180032420221212093529.0131103s9999 xx 000 0 und d aLoreto College aEnglish a821.91b YEA-ELL aEllmann, Richard 4aThe identity of YeatscRichard Ellmann aLondonbFaberc1965 axxix,342 p.  aIncludes index aEnglish Poetry aYeats, William Butler - Criticism aLCLIB cBK c6607d57086 00102ddc4070aMAINbMAINd2013-11-04l3o821.91 YEA-ELL 13263pB6477r2018-05-04s2018-05-04w2013-11-04yBKf